Bojnice

Zobrazenie: Pohľad na zámok, čnejúci sa nad stromami. V popredí je jazierko a vpravo je na ňom malá vežička, spoza ktorej vľavo vedie mostík na breh. Na chodníku, vedúcemu od mostíka, stojí človek

Podrobná bibliografia
Ďalší autori: Hrouda, J. (fotograf) (Fotograf)
Médium: Pohľadnica
Jazyk:slovenčina
francúzština
nemčina
ruština
Fyzický popis:1 pohľadnica farebná 15 x 11 cm
Vydavateľské údaje: Praha Orbis 1967
Predmet:

MARC

LEADER 00000nkm a2200000 a 4500
001 vtls011929473
003 SK-MaSNL
005 20260512123132.0
007 kp co
008 231120s1967 xr g kuslo
015 |a SNBG1967 
035 |a urn:nbn:sk:snk-km00e9kb 
035 |a urn:nbn:sk:snk-km43hlw 
035 |a 53BFD244-31AD-492A-822D-A5B15791582D 
040 |a SNK  |b slo  |c SNK  |e AACR2 
041 0 |a slo  |a fre  |a ger  |a rus 
043 |a e-xo--- 
044 |a xr  |c CZ 
072 7 |a 913  |x Regionálna geografia  |2 konspekt 
080 |a 913(437.6)  |2 2011 
080 |a 904:72  |2 2011 
080 |a 728.82  |2 2011 
080 |a 728.81  |2 2011 
080 |a 904(084.121)  |2 2011 
080 |a 069  |2 2011 
080 |a 712.5  |2 2011 
100 1 |a Hrouda, J.  |c (fotograf)  |4 pht  |9 439263 
245 1 0 |a Bojnice  |h grafika  |c foto J. Hrouda 
260 |a Praha  |b Orbis  |c 1967 
300 |a 1 pohľadnica  |b farebná  |c 15 x 11 cm 
500 |a Na adresnej časti uvedené: "Gotický hrad, založený pravdepodobne už v 13. storočí, bol prestavený v rokoch 1888-1910" 
500 |a Na adresnej časti uvedené: "Gotische Burg, gegründet angeblich im 13. Jh, umgebaut in den Jahren 1888-1910" 
500 |a Château gothique, fonfé au XIIIe siècle, reconstruit entre 1888 et 1910 
500 |a Na adresnej časti uvedené: "Bojnice - Gotičeskij zamok, osnovannyj verojatno uže v XIII veke, perestroen v 1888-1910 godach " 
520 8 |a Zobrazenie: Pohľad na zámok, čnejúci sa nad stromami. V popredí je jazierko a vpravo je na ňom malá vežička, spoza ktorej vľavo vedie mostík na breh. Na chodníku, vedúcemu od mostíka, stojí človek 
546 |a Sprievodný text na adresnej časti pohľadnice aj vo francúzštine, nemčine a ruštine 
610 2 7 |a Bojnický zámok  |2 SNKKA  |9 32519 
610 2 7 |a Vlastivedné múzeum (Bojnice, Slovensko)  |2 SNKKA  |9 161565 
650 0 7 |a národné kultúrne pamiatky  |2 SNKPH  |9 31192 
650 0 7 |a zámky  |2 SNKPH  |9 3041 
650 0 7 |a hrady  |2 SNKPH  |9 3039 
650 0 7 |a múzeá  |2 SNKPH  |9 4119 
650 0 7 |a záhradné jazierka  |2 SNKPH  |9 67820 
651 7 |a Bojnice (Slovensko)  |2 SNKPHgeo  |9 30288 
655 7 |a miestne pohľadnice  |2 SNKPH  |9 70510 
655 7 |a pohľadnice kultúrnych pamiatok  |2 SNKPH  |9 70523 
852 |a Slovenská národná knižnica 
954 |a pohľadnice cudzojazyčné (svetové)  |2 lita 
958 |a GBN 
958 |a GC 
958 |a OND 
958 |a EUIPO 
999 |c 693349  |d 695279 
952 |a SNK  |b SNK  |y PREZ  |7 0  |p 17A1224556  |o snkSP 9565  |z Pohľadnica prešla poštou.  |0 0  |1 0  |4 0  |d 2020-04-17  |f 1  |l 0  |r 2026-02-23 20:33:42  |w 2026-02-23